Movies Quiz

Random Movies or Actor Quiz

Click the American Actors Quiz Stats

Quiz Updated Feb 3, 2015

Also try: Click a Brit
Challenge
Share
Tweet
Embed
Score 0/20 Timer 05:00
2 Plays Today
% Correct
Brad Pitt
94.8%
Harrison Ford
91.6%
Jack Nicholson
90.6%
Jamie Foxx
90%
Leonardo DiCaprio
87.4%
Bradley Cooper
86.9%
Morgan Freeman
86.3%
Johnny Depp
83.9%
Tom Hanks
83.7%
Al Pacino
83.6%
% Correct
Jonah Hill
78.7%
Mr. T
78.5%
Robert De Niro
77.3%
Joe Pesci
76.9%
David Hasselhoff
69.2%
Val Kilmer
62.4%
Leonard Nimoy
54.6%
Zachary Quinto
48%
Danny Trejo
37.7%
Ken Jeong
35.7%

You're not logged in!

Compare scores with friends on all Sporcle quizzes.
Sign Up with Email
OR
Log In

You Might Also Like...

Show Comments

Extras

Top Quizzes Today


Score Distribution

Your Account Isn't Verified!

In order to create a playlist on Sporcle, you need to verify the email address you used during registration. Go to your Sporcle Settings to finish the process.